| 000 | 01089cam a2200217 4500 | ||
|---|---|---|---|
| 001 | ABS66232 | ||
| 008 | 030106n2002 000 0 eng u | ||
| 035 | _a(Sirsi) u120923 | ||
| 245 | _aSpecial report: self-storage and serviced offices | ||
| 260 | _c2002 | ||
| 490 |
_aProperty Week _v67(48) 13 December 2002, 47-53(4) |
||
| 520 | _a"Service included" looks at the new breed of agent who is offloading tenants' surplus space to serviced office occupiers. Some serviced office operators are getting into managed space as a method of diversifying in a stagnant market. "True colours" discusses local authority planners' disdain for self-storage and in particular for the corporate colour schemes of self-storage companies and also the low employment potential of such enterprises. | ||
| 590 | _aABS | ||
| 650 | _aSERVICED OFFICES | ||
| 650 | _aPROPERTY-COMMERCIAL PROPERTY-OFFICE PROPERTY-OFFICE PROPERTY MARKET | ||
| 650 | _aSELF-STORAGE | ||
| 650 | _aMANAGED PROPERTY | ||
| 650 | _aPLANNING | ||
| 690 | _aPROPERTY-COMMERCIAL PROPERTY-COMMERCIAL PROPERTY MARKET | ||
| 942 | _n0 | ||
| 999 |
_c71881 _d71881 |
||